UM Logo
Normal view MARC view
  • Gepitulan, Kenneth John G.

Entry Personal Name

Number of records used in: 1

001 - CONTROL NUMBER

  • control field: 70246

003 - CONTROL NUMBER IDENTIFIER

  • control field: OSt

005 - DATE AND TIME OF LATEST TRANSACTION

  • control field: 20260327085654.0

008 - FIXED-LENGTH DATA ELEMENTS

  • fixed length control field: 260327|| aca||aabn | a|a d

040 ## - CATALOGING SOURCE

  • Original cataloging agency: OSt

100 ## - HEADING--PERSONAL NAME

  • Personal name: Gepitulan, Kenneth John G.